Lines and Shadows
Guardado en:
| 主要作者: | |
|---|---|
| 格式: | 圖書 |
| 語言: | Undetermined |
| 出版: |
New York, Estados Unidos
Bantam Books
1984
|
| 主題: | |
| 標簽: |
添加標簽
沒有標簽, 成為第一個標記此記錄!
|
MARC
| LEADER | 00000nam a2200000Ia 4500 | ||
|---|---|---|---|
| 008 | 170316s9999 xx 000 0 und d | ||
| 999 | |c 28848 |d 28848 | ||
| 040 | |a cru BVZT | ||
| 090 | |a F-810 W-1L | ||
| 100 | |a Wambaugh, Joseph | ||
| 245 | |a Lines and Shadows | ||
| 260 | |a New York, Estados Unidos | ||
| 260 | |b Bantam Books | ||
| 260 | |c 1984 | ||
| 300 | |a 383 páginas | ||
| 650 | |a LITERATURA ESTADOUNIDENSE |9 25 | ||
| 650 | |a FICCIÓN |9 26 | ||
| 942 | |c 15 D |h F-810 W-1L |2 z | ||
